| 000 | 01116nam2a22002411 4500 | ||
|---|---|---|---|
| 001 | rc\507085 | ||
| 005 | 20250621165737.0 | ||
| 035 | _a(NLR Aleph) 005817556 | ||
| 090 |
_a5445884 _c5445884 |
||
| 100 | _a20030616d1987 |||y0rusy50 ca | ||
| 101 | 0 | _arus | |
| 102 | _aRU | ||
| 105 | _ay ||||||||| | ||
| 200 | 0 |
_aЧ. 3-4 _f[Коммент. Л.П. Быковцевой и др.] |
|
| 210 |
_d1987 _aБ. м. |
||
| 215 |
_a925, [2] с. _d21 |
||
| 320 | _aБиблиогр. в примеч.: с. 875-926 | ||
| 461 | 0 |
_1001rc\507082 _12001#$aЖизнь Клима Самгина$e(Сорок лет)$eПовесть$fМ. Горький$g[Вступ. ст. А.И. Овчаренко, с. 3-38$gКоммент. И.И. Вайнберга и др.]$vЧ. 3-4 _1700#1$aГорький$bМ.$f1868-1936$gМаксим$3RU\NLR\auth\77104 _95445857 _aГорький, М. (1868-1936) _cМ. _d1987- _fМ. Горький _nХудож. лит. _o(Сорок лет) : Повесть _tЖизнь Клима Самгина _vЧ. 3-4 |
|
| 801 | 0 |
_aRU _bNLR _gpsbo |
|
| 801 | 1 |
_aRU _bELAR _2rusmarc |
|
| 852 |
_aNLR _j87-3/2507 |
||
| 942 | _cBOOK | ||
| 980 | _aNB | ||